<?xml version="1.0" encoding="UTF-8"?>
<record
    xmlns:xsi="http://www.w3.org/2001/XMLSchema-instance"
    xsi:schemaLocation="http://www.loc.gov/MARC21/slim http://www.loc.gov/standards/marcxml/schema/MARC21slim.xsd"
    xmlns="http://www.loc.gov/MARC21/slim">

  <leader>00205nam a2200085   4500</leader>
  <controlfield tag="001">1258375</controlfield>
  <controlfield tag="005">20260310101720.0</controlfield>
  <datafield tag="245" ind1=" " ind2=" ">
    <subfield code="a">D&#xDC;NYANIN EN &#xD6;NEML&#x130; &#xD6;&#x11E;RENC&#x130;S&#x130;</subfield>
    <subfield code="c">&#x15E;ERM&#x130;N YA&#x15E;AR</subfield>
  </datafield>
  <datafield tag="260" ind1=" " ind2=" ">
    <subfield code="b">TAZE K&#x130;TAP</subfield>
  </datafield>
  <datafield tag="999" ind1=" " ind2=" ">
    <subfield code="c">1258375</subfield>
    <subfield code="d">1258375</subfield>
  </datafield>
  <datafield tag="952" ind1=" " ind2=" ">
    <subfield code="0">0</subfield>
    <subfield code="1">0</subfield>
    <subfield code="2">ddc</subfield>
    <subfield code="4">0</subfield>
    <subfield code="7">0</subfield>
    <subfield code="a">1031</subfield>
    <subfield code="b">1031</subfield>
    <subfield code="d">2026-03-10</subfield>
    <subfield code="l">2</subfield>
    <subfield code="p">10317610</subfield>
    <subfield code="r">2026-04-28 12:19:27</subfield>
    <subfield code="s">2026-04-03</subfield>
    <subfield code="w">2026-03-10</subfield>
    <subfield code="y">BK</subfield>
  </datafield>
</record>
